| 000 | 00640nam a22002057a 4500 | ||
|---|---|---|---|
| 999 |
_c4078 _d4078 |
||
| 003 | AR-CdUCM | ||
| 008 | 190307b ||||| |||| 00| 0 spa d | ||
| 040 |
_aMUNICIPALIDAD PROVINCIAL DEL CUSCO _cBIBLIOTECA MUNICIPAL DEL CUSCO |
||
| 082 |
_24ed. _a869.914 / _bAS83 |
||
| 100 |
_aAsturias, Miguel Ángel _92136 |
||
| 245 | _aEl papa verde / | ||
| 260 |
_aBuenos aires : _bEditorial losada, _c1967. |
||
| 300 |
_a315 paginas ; _c20 cm. |
||
| 505 | _aContenido :Novela. | ||
| 650 |
_aNovelas guatemaltecas _94752 |
||
| 650 |
_aLiteratura guatemalteca _95050 |
||
| 650 |
_aLiteratura del siglo xx _97647 |
||
| 942 |
_2ddc _cLIBROS |
||
| 945 | _arum | ||